00611 2200217 4500001002100000005001700021008004100038035002400079082001700103084001700120090001900137100001500156245007200171250001100243260003200254300003200286650003000318850001200348990001800360999001500378YOGYA-0209000005090020170530084940.0 ind  0010-020900000050900 2[23]a438.24 a438.24 Har W aL 438.24 Har W aHarjono, T aWir Sprechen DeutschbSprachbuch Fur Die Oberschulenc/ T. Hardjono aCet. 2 aDjakartabBumi Restuc[s.a] a147 hlm.b: ilus.c; 24 cm. aBahasa Jerman - Pelajaran aYOPDYOG a54523-PD/A.17 aP000006673